Исследование воздействия импульсных мощных ионных пучков на инструментальную сталь Р6М5; Известия вузов. Физика; Т. 53, № 10 (2)

Bibliografiske detaljer
Parent link:Известия вузов. Физика: научный журнал.— , 1957-
Т. 53, № 10 (2).— 2010.— [С. 125-128]
Hovedforfatter: Струц В. К. Василий Кузьмич
Institution som forfatter: Национальный исследовательский Томский политехнический университет (ТПУ) Институт физики высоких технологий (ИФВТ) Лаборатория № 1
Andre forfattere: Ремнев Г. Е. Геннадий Ефимович
Summary:Заглавие с экрана
Представлены результаты обработки токарных резцов из инструментальной легированной стали Р6М5 импульсными мощными ионными пучками. В результате такой обработки в приповерхностном слое образуются новые стабильные фазы и соединения. Это приводит к улучшению эксплуатационных характеристик изделий из металлов и сплавов.
Режим доступа: по договору с организацией-держателем ресурса
Sprog:russisk
Udgivet: 2010
Fag:
Online adgang:http://elibrary.ru/item.asp?id=16451496
Format: MixedMaterials Electronisk Book Chapter
KOHA link:https://koha.lib.tpu.ru/cgi-bin/koha/opac-detail.pl?biblionumber=642025

MARC

LEADER 00000nla0a2200000 4500
001 642025
005 20250121161524.0
035 |a (RuTPU)RU\TPU\network\6956 
035 |a RU\TPU\network\6949 
090 |a 642025 
100 |a 20150611d2010 k||y0rusy50 ca 
101 0 |a rus 
102 |a RU 
135 |a drcn ---uucaa 
181 0 |a i  
182 0 |a b 
200 1 |a Исследование воздействия импульсных мощных ионных пучков на инструментальную сталь Р6М5  |f В. К. Струц, Г. Е. Ремнев 
203 |a Текст  |c электронный 
300 |a Заглавие с экрана 
320 |a [Библиогр.: с. 128 (15 назв.)] 
330 |a Представлены результаты обработки токарных резцов из инструментальной легированной стали Р6М5 импульсными мощными ионными пучками. В результате такой обработки в приповерхностном слое образуются новые стабильные фазы и соединения. Это приводит к улучшению эксплуатационных характеристик изделий из металлов и сплавов. 
333 |a Режим доступа: по договору с организацией-держателем ресурса 
461 |t Известия вузов. Физика  |o научный журнал  |d 1957- 
463 |t Т. 53, № 10 (2)  |v [С. 125-128]  |d 2010 
610 1 |a электронный ресурс 
610 1 |a труды учёных ТПУ 
610 1 |a импульсные пучки 
610 1 |a воздействие 
610 1 |a исследование 
610 1 |a поверхности 
610 1 |a модификация 
610 1 |a сталь инструментальная 
700 1 |a Струц  |b В. К.  |c специалист в области неразрушающего контроля  |c старший научный сотрудник Томского политехнического университета, кандидат физико-математических наук  |f 1941-  |g Василий Кузьмич  |3 (RuTPU)RU\TPU\pers\29379 
701 1 |a Ремнев  |b Г. Е.  |c физик  |c профессор Томского политехнического университета, доктор технических наук  |f 1948-  |g Геннадий Ефимович  |3 (RuTPU)RU\TPU\pers\22004 
712 0 2 |a Национальный исследовательский Томский политехнический университет (ТПУ)  |b Институт физики высоких технологий (ИФВТ)  |b Лаборатория № 1  |3 (RuTPU)RU\TPU\col\19035 
801 2 |a RU  |b 63413507  |c 20150615  |g RCR 
856 4 |u http://elibrary.ru/item.asp?id=16451496 
942 |c CF